| 000 | 00516nam a2200181 i 4500 | ||
|---|---|---|---|
| 001 | 62531 | ||
| 003 | ES-MaACL | ||
| 005 | 20231227182303.0 | ||
| 007 | t| | ||
| 008 | 031121s1921 sp ||||1| spa d | ||
| 100 | 1 |
_aFernández Flórez, Wenceslao, _d1885-1964 _949790 |
|
| 245 | 1 | 4 |
_aLas gafas del diablo / _cWenceslao Fernández Flórez. |
| 250 | _a5ª ed. | ||
| 260 |
_aMadrid : _b[s.n.], _c1921 ( _fJuan Pueyo) |
||
| 300 |
_a281 p. ; _c20 cm. |
||
| 852 |
_aES-MaACL _jF-3297 |
||
| 999 |
_c62531 _d62531 |
||